01238nam a22003257a 4500003000400000005001700004008004100021040002200062082001400084100004000098245004300138260005500181300001900236366000800255490002300263505003000286505005600316505005500372505002600427505005000453505005000503505001900553505009200572505002400664650004100688650004700729650004500776650005500821700003600876OSt20230607131418.0221006b |||||||| |||| 00| 0 eng d cBiblioteca Lado V a779bE96p aExposito, Alberto Martin edirector aPapel Alpha/bCuadernos de fotografia/ aEdiciones Universidad de Salamancac1997bEspaña c17x24cma180p. espa a3v1997x1136 4831 tLo que no puede ser visto tBernd y Hilla Becher o la fotografía monumentaria tLa fotografía europea en una época de ansiedad tFuera de los Limites  tEl inconsciente virtual en la post-fotografia tLa fotografía como vector de la experiencia tDirk Braeckman tPor que los bogavantes son mas bellos cuando están cocidos. Fotografía y Literatura tENGLISH TRANSLATION 2Tesauro de Arte & ArquitecturaaARTE 2Tesauro de Arte & ArquitecturaaFOTOGRAFIA 2Tesauro de Arte & ArquitecturaaIMAGENES 2Tesauro de Arte & ArquitecturaaARTE CONTEMPORANEO aNavarreta, Jose Antonioeeditor